[Event "II Festival Capo d'Orso"]
[Site "Portomannu - Palau ITA"]
[Date "2008.05.17"]
[Round "1"]
[White "Zoldan, Matteo"]
[Black "Mogranzini, Roberto"]
[Result "0-1"]
[WhiteElo "2208"]
[BlackElo "2418"]
[PlyCount "70"]
[EventDate "2008.05.17"]

1. e4 c5 2. Nf3 e6 3. d4 cxd4 4. Nxd4 a6 5. Nc3 Qc7 6. Bd3 Bc5 7. Nb3 Be7 8.
O-O d6 9. f4 Nd7 10. Bd2 Ngf6 11. Qf3 O-O 12. Rae1 b5 13. a3 Bb7 14. Qg3 g6 15.
f5 Ne5 16. fxe6 fxe6 17. Nd4 Bc8 18. Nf3 Nh5 19. Qh3 Nc4 20. Bxc4 Qxc4 21. e5
d5 22. Bg5 Bc5+ 23. Kh1 Bb6 24. Nd2 Rxf1+ 25. Rxf1 Qc7 26. Bh6 Ng7 27. Nf3 Nf5
28. Bf4 Bb7 29. Ng5 Qe7 30. Qd3 Rf8 31. Nf3 Qc5 32. Re1 Qc4 33. Qd2 Nd4 34.
Nxd4 Bxd4 35. h3 Bxc3 0-1

[Event "II Festival Capo d'Orso"]
[Site "Portomannu - Palau ITA"]
[Date "2008.05.18"]
[Round "2"]
[White "Bondielli, Giorgio"]
[Black "Calandri, Fausto"]
[Result "0-1"]
[WhiteElo "1927"]
[BlackElo "2123"]
[PlyCount "50"]
[EventDate "2008.05.17"]

1. e4 e6 2. d4 d5 3. e5 c5 4. c3 Qb6 5. Nf3 Nc6 6. a3 Nh6 7. b4 cxd4 8. cxd4
Nf5 9. Bb2 Bd7 10. b5 Na5 11. Nc3 Rc8 12. Na4 Qd8 13. Nd2 Be7 14. Bd3 Bg5 15.
Nb3 Nc4 16. Bxc4 dxc4 17. Nbc5 Bxb5 18. O-O c3 19. Bxc3 Bxf1 20. Qxf1 O-O 21.
Nxb7 Qd5 22. Nbc5 Be7 23. Rd1 Qc6 24. Qd3 Rfd8 25. Qc4 Bxc5 0-1

[Event "II Festival Capo d'Orso"]
[Site "Portomannu - Palau ITA"]
[Date "2008.05.18"]
[Round "2"]
[White "Bove, Alessandro"]
[Black "Agrifoglio, Fabio"]
[Result "1-0"]
[WhiteElo "2215"]
[BlackElo "2004"]
[PlyCount "73"]
[EventDate "2008.05.17"]

1. e4 d6 2. d4 g6 3. Nc3 Bg7 4. Be2 Nc6 5. Be3 e5 6. Nf3 Bg4 7. d5 Bxf3 8. gxf3
Nd4 9. Bxd4 exd4 10. Nb5 d3 11. Qxd3 Bxb2 12. Nxc7+ Qxc7 13. Qb5+ Ke7 14. Qxb2
Nf6 15. O-O-O Nd7 16. e5 Rhc8 17. Rhe1 Qc3 18. Bb5 Qxb2+ 19. Kxb2 Nc5 20. Re3
a6 21. Bf1 Na4+ 22. Kb3 dxe5 23. Kxa4 Kd6 24. Kb3 Rc5 25. Rc3 Rac8 26. Rxc5
Rxc5 27. a4 g5 28. Bd3 h6 29. c4 f6 30. h4 Rc8 31. hxg5 fxg5 32. Rh1 Rh8 33. a5
Kc5 34. Kc3 h5 35. Rb1 h4 36. Rxb7 h3 37. Rb6 1-0

[Event "II Festival Capo d'Orso"]
[Site "Portomannu - Palau ITA"]
[Date "2008.05.18"]
[Round "2"]
[White "Brunello, Sabino"]
[Black "Korneev, Oleg"]
[Result "1/2-1/2"]
[WhiteElo "2475"]
[BlackElo "2651"]
[PlyCount "34"]
[EventDate "2008.05.17"]

1. d4 d5 2. c4 e6 3. Nf3 Nf6 4. g3 dxc4 5. Bg2 Bb4+ 6. Bd2 a5 7. Qc2 Bxd2+ 8.
Qxd2 c6 9. a4 Ne4 10. Qc2 Nd6 11. O-O Na6 12. Na3 Nb4 13. Qc1 b5 14. Ne5 Ra6
15. Rd1 Bd7 16. e4 O-O 17. d5 cxd5 1/2-1/2

[Event "II Festival Capo d'Orso"]
[Site "Portomannu - Palau ITA"]
[Date "2008.05.18"]
[Round "2"]
[White "Cardili, Mariano"]
[Black "Galassi, Federico"]
[Result "0-1"]
[WhiteElo "2118"]
[BlackElo "2145"]
[PlyCount "96"]
[EventDate "2008.05.17"]

1. d4 d6 2. c4 g6 3. Nc3 Bg7 4. e4 Nf6 5. Nf3 O-O 6. Be2 e5 7. O-O Nc6 8. d5
Ne7 9. Ne1 Nd7 10. Nd3 f5 11. Bd2 Nf6 12. f3 f4 13. Rc1 g5 14. c5 Ng6 15. cxd6
cxd6 16. Nb5 Rf7 17. Qc2 Ne8 18. a4 Bf8 19. Nf2 h5 20. Qb3 Rg7 21. h3 Nh8 22.
Rc2 Nf7 23. Rfc1 Nh6 24. Bb4 g4 25. fxg4 hxg4 26. Bxg4 Bxg4 27. hxg4 Qb6 28.
Qh3 Nxg4 29. Bc5 dxc5 30. Nxg4 c4+ 31. Kf1 Rh7 32. Qf3 Rh1+ 33. Ke2 Rxc1 34.
Rxc1 a6 35. Rh1 axb5 36. Qh3 Bg7 37. Qh7+ Kf8 38. Rh5 Rxa4 39. Qf5+ Kg8 40.
Qh7+ Kf8 41. Qf5+ Ke7 42. Rh7 Kd8 43. Rxg7 Nxg7 44. Qg5+ Kc8 45. Qxg7 Qd4 46.
Qf8+ Kc7 47. Qe7+ Kb6 48. Qxe5 Qd3+ 0-1

[Event "II Festival Capo d'Orso"]
[Site "Portomannu - Palau ITA"]
[Date "2008.05.18"]
[Round "2"]
[White "Ciobanu, Camelia-Adriana"]
[Black "Djuric, Stefan"]
[Result "0-1"]
[WhiteElo "2205"]
[BlackElo "2460"]
[PlyCount "104"]
[EventDate "2008.05.17"]

1. d4 Nf6 2. c4 c5 3. d5 g6 4. Nc3 d6 5. Nf3 Bg7 6. g3 O-O 7. Bg2 e5 8. O-O Na6
9. a3 Bf5 10. h3 Qe7 11. Ne1 Rfc8 12. e4 Bd7 13. Be3 Qf8 14. Qd2 Nc7 15. Nd3 b5
16. cxb5 Nxb5 17. Nxb5 Bxb5 18. Rfc1 a5 19. f3 a4 20. Nf2 Nh5 21. Kh2 f5 22.
exf5 gxf5 23. f4 Rab8 24. Rab1 Be8 25. Nd1 Qf6 26. Qf2 Qg6 27. Nc3 e4 28. Bf1
Nf6 29. Bc4 Qh6 30. Kg2 Kh8 31. Qf1 Bd7 32. Qd1 Rg8 33. b3 Nh5 34. Ne2 axb3 35.
Rxb3 Ra8 36. Qd2 Be8 37. Rc2 Ba4 38. Ra2 Bxb3 39. Bxb3 Bf6 40. Kh2 Ra7 41. Bf2
Rb8 42. Bc4 Bg7 43. a4 Nf6 44. Be1 Rb4 45. Bb5 Qh5 46. Bc6 Rb3 47. Kg2 Qf3+ 48.
Kh2 Rd3 49. Qc2 h5 50. Qb1 Rb3 51. Qc2 h4 52. a5 Nh5 0-1

[Event "II Festival Capo d'Orso"]
[Site "Portomannu - Palau ITA"]
[Date "2008.05.18"]
[Round "2"]
[White "De Cristofano, Fabrizio"]
[Black "Simone, Marco"]
[Result "0-1"]
[WhiteElo "1736"]
[BlackElo "1867"]
[PlyCount "42"]
[EventDate "2008.05.17"]

1. e4 e6 2. d4 d5 3. Nd2 Nf6 4. e5 Nfd7 5. Bd3 c5 6. c3 Qb6 7. Ne2 f6 8. f4 Nc6
9. Nf3 Be7 10. g4 O-O 11. Ng3 fxe5 12. Nxe5 cxd4 13. cxd4 Ndxe5 14. dxe5 Nxe5
15. Be2 Bb4+ 16. Kf1 Nxg4 17. Kg2 Qf2+ 18. Kh3 e5 19. Qxd5+ Kh8 20. Qb3 Ne3+
21. Kh4 Rxf4+ 0-1

[Event "II Festival Capo d'Orso"]
[Site "Portomannu - Palau ITA"]
[Date "2008.05.18"]
[Round "2"]
[White "De Vreugt, Dennis"]
[Black "Haslinger, Stewart G."]
[Result "1-0"]
[WhiteElo "2403"]
[BlackElo "2500"]
[PlyCount "97"]
[EventDate "2008.05.17"]

1. d4 d5 2. c4 e6 3. Nc3 Be7 4. Nf3 Nf6 5. g3 O-O 6. Bg2 c6 7. O-O Nbd7 8. a4
b6 9. a5 Ba6 10. Nd2 Qc7 11. b3 b5 12. c5 e5 13. b4 exd4 14. Ncb1 Ng4 15. Nb3
d3 16. e4 Ngf6 17. Bf4 Ne5 18. exd5 Nxd5 19. Bxd5 cxd5 20. Re1 Bf6 21. Nc3 Rad8
22. Nd4 Rfe8 23. Rc1 Qd7 24. Bxe5 Rxe5 25. Rxe5 Bxe5 26. Qxd3 g6 27. Nce2 Re8
28. Nf3 Bf6 29. c6 Qd6 30. Rc5 d4 31. Nf4 Rc8 32. Qe4 Kf8 33. Nd3 Re8 34. Qd5
Be7 35. Qxd6 Bxd6 36. Rd5 Ke7 37. Nxd4 Rb8 38. f4 f6 39. Kf2 Rc8 40. Ke3 Rb8
41. g4 Bc8 42. Nxb5 Bxg4 43. Nxd6 Rd8 44. b5 Rxd6 45. Rxd6 Kxd6 46. Nf2 Bf5 47.
Ne4+ Kd5 48. a6 Bc8 49. b6 1-0

[Event "II Festival Capo d'Orso"]
[Site "Portomannu - Palau ITA"]
[Date "2008.05.18"]
[Round "2"]
[White "Diotallevi, Maurizio"]
[Black "Troiani, Carlo"]
[Result "1-0"]
[WhiteElo "2096"]
[BlackElo "1791"]
[PlyCount "59"]
[EventDate "2008.05.17"]

1. d4 d5 2. c4 Nf6 3. cxd5 Nxd5 4. Nf3 e6 5. e4 Nb6 6. Be3 Be7 7. Nc3 O-O 8.
Bd3 N8d7 9. O-O c6 10. Rc1 Nf6 11. Bb1 Bd7 12. Qd3 g6 13. h3 Nh5 14. Bh6 Ng7
15. e5 Nd5 16. Ne4 Re8 17. g4 Bb4 18. a3 Ba5 19. Bg5 Qb8 20. Nf6+ Nxf6 21. exf6
Nf5 22. gxf5 exf5 23. Ne5 Be6 24. Qg3 Bd5 25. Bf4 Qc8 26. Qh4 Re6 27. Bxf5 gxf5
28. Qg5+ Kf8 29. Qg7+ Ke8 30. Qg8# 1-0

[Event "II Festival Capo d'Orso"]
[Site "Portomannu - Palau ITA"]
[Date "2008.05.18"]
[Round "2"]
[White "Ferrario, Enrico"]
[Black "Peat, Matthew"]
[Result "0-1"]
[WhiteElo "1979"]
[BlackElo "1681"]
[PlyCount "56"]
[EventDate "2008.05.17"]

1. e4 c5 2. d4 cxd4 3. c3 dxc3 4. Nxc3 Nc6 5. Nf3 e6 6. Bc4 Qc7 7. Nb5 Qb8 8.
e5 Nxe5 9. Bf4 d6 10. Rc1 Bd7 11. Nxe5 dxe5 12. Bxe6 Bxb5 13. Rc8+ Qxc8 14.
Bxc8 Rxc8 15. Qb3 Ba6 16. Bd2 Nf6 17. g4 Be7 18. g5 Nd7 19. h4 Nc5 20. Qe3 Nd3+
21. Kd1 Nxb2+ 22. Ke1 Nd3+ 23. Kd1 Bc5 24. Qf3 Nxf2+ 25. Ke1 e4 26. Qf5 O-O 27.
Rh2 e3 28. Bc3 Bb4 0-1

[Event "II Festival Capo d'Orso"]
[Site "Portomannu - Palau ITA"]
[Date "2008.05.18"]
[Round "2"]
[White "Friedrich, Norbert"]
[Black "Chiarotto, Filippo"]
[Result "1/2-1/2"]
[WhiteElo "2323"]
[BlackElo "2084"]
[PlyCount "91"]
[EventDate "2008.05.17"]

1. e4 c5 2. Nf3 Nc6 3. d4 cxd4 4. Nxd4 e5 5. Nb5 a6 6. Nd6+ Bxd6 7. Qxd6 Qf6 8.
Qd1 Qg6 9. Nc3 d5 10. Nxd5 Qxe4+ 11. Be3 Nd4 12. Nc7+ Ke7 13. Rc1 Bg4 14. Qd3
Qxd3 15. Bxd3 Rd8 16. h3 Bc8 17. f4 Kd6 18. Na8 Be6 19. Nb6 Kc7 20. fxe5 Ne7
21. Nc4 b5 22. Nd2 Nec6 23. O-O Nxe5 24. Bf4 f6 25. Rce1 Ndc6 26. Nf3 Bxa2 27.
Nxe5 Nxe5 28. Bxe5+ fxe5 29. Rxe5 Bd5 30. Rff5 g6 31. Rf6 Bb7 32. Re7+ Rd7 33.
Rxd7+ Kxd7 34. Rf7+ Kc8 35. h4 Bc6 36. b4 Bd5 37. Rf6 Kb7 38. Kf2 Re8 39. g3
Re7 40. Rf4 Kc7 41. Rf6 Kb7 42. g4 Be4 43. Bxe4+ Rxe4 44. Rf7+ Kb6 45. Rf6+ Kb7
46. Rf7+ 1/2-1/2

[Event "II Festival Capo d'Orso"]
[Site "Portomannu - Palau ITA"]
[Date "2008.05.18"]
[Round "2"]
[White "Garcia Palermo, Carlos Horacio"]
[Black "Rowson, Jonathan"]
[Result "0-1"]
[WhiteElo "2465"]
[BlackElo "2582"]
[PlyCount "148"]
[EventDate "2008.05.17"]

1. d4 Nf6 2. Nf3 g6 3. g3 Bg7 4. Bg2 O-O 5. O-O d6 6. Re1 Nbd7 7. e4 e5 8. c3
b6 9. Nbd2 Bb7 10. Qc2 Re8 11. a4 a6 12. dxe5 Nxe5 13. Nxe5 Rxe5 14. Nc4 Re6
15. Bg5 Qe8 16. Bxf6 Bxf6 17. Re3 Bc6 18. a5 b5 19. Nd2 Rb8 20. Rae1 Ba8 21. b4
Re7 22. Nb3 Qd7 23. f4 Rbe8 24. Qd2 Qc8 25. R1e2 Bg7 26. Qe1 c5 27. e5 Bxg2 28.
Kxg2 c4 29. Nd4 dxe5 30. fxe5 Qb7+ 31. Nf3 Bh6 32. Re4 f6 33. Kf2 fxe5 34. Rxe5
Rxe5 35. Rxe5 Rf8 36. Qe2 Qc6 37. Qe4 Qxe4 38. Rxe4 Bd2 39. Re6 Bxc3 40. Rxa6
Bxb4 41. Ke2 Re8+ 42. Kd1 Re3 43. Ng5 Re1+ 44. Kc2 Re2+ 45. Kd1 Rd2+ 46. Kc1 c3
47. Rc6 Bxa5 48. h4 b4 49. Ne4 Rd4 50. Nc5 Rc4 51. Kc2 b3+ 52. Kxb3 c2 53. Kxc4
c1=Q+ 54. Kb5 Bd8 55. Rc8 Qd1 56. Kc6 Kf7 57. Ne4 Qc2+ 58. Kd5 Qd3+ 59. Ke5
Bf6+ 60. Kf4 Qf1+ 61. Ke3 Qe1+ 62. Kf3 Be5 63. Rd8 Qf1+ 64. Ke3 Ke7 65. Rd2 Bc7
66. Re2 Bb6+ 67. Kd2 Ba5+ 68. Kd3 Qf3+ 69. Re3 Qd1+ 70. Kc4 Qc2+ 71. Kd5 Bb6
72. Nc5+ Kf7 73. Rf3+ Kg8 74. Nd3 Qe2 0-1

[Event "II Festival Capo d'Orso"]
[Site "Portomannu - Palau ITA"]
[Date "2008.05.18"]
[Round "2"]
[White "Gnetti, Paolo"]
[Black "Danieli, Enrico"]
[Result "0-1"]
[WhiteElo "1778"]
[BlackElo "2119"]
[PlyCount "118"]
[EventDate "2008.05.17"]

1. e4 c6 2. d4 d5 3. e5 c5 4. dxc5 Nc6 5. Nc3 e6 6. Nf3 Bxc5 7. Bf4 Nge7 8. Na4
Ng6 9. Nxc5 Nxf4 10. g3 Qa5+ 11. Qd2 Qxc5 12. gxf4 b6 13. Bg2 Ba6 14. c3 Rd8
15. b4 Qc4 16. a4 Qe4+ 17. Qe3 Qxe3+ 18. fxe3 Bd3 19. b5 Na5 20. Nd4 Rc8 21.
Kd2 Bg6 22. h4 Nc4+ 23. Ke2 Bh5+ 24. Bf3 Bxf3+ 25. Nxf3 O-O 26. Nd4 Na5 27. Kd3
Rc4 28. Rhg1 Rfc8 29. Ra3 Nb7 30. Nc6 Rc7 31. Rga1 a5 32. bxa6 Nc5+ 33. Kc2
Rxc6 34. a5 Nxa6 35. axb6 Rxb6 36. Rxa6 Rxa6 37. Rxa6 g6 38. Rb6 Rc7 39. Kb2
Kg7 40. Rb4 Kh6 41. e4 dxe4 42. Rxe4 Kh5 43. c4 Kxh4 44. Kc3 Kg3 45. Rd4 h5 46.
Kb4 h4 47. Kb5 h3 48. c5 h2 49. Rd1 Kxf4 50. Kb6 Rc8 51. Re1 g5 52. Rh1 Kg3 53.
c6 Kg2 54. Rd1 h1=Q 55. Rxh1 Kxh1 56. Kb7 Rg8 57. c7 g4 58. c8=Q Rxc8 59. Kxc8
g3 0-1

[Event "II Festival Capo d'Orso"]
[Site "Portomannu - Palau ITA"]
[Date "2008.05.18"]
[Round "2"]
[White "Godena, Michele"]
[Black "De Jong, Jan-Willem"]
[Result "1/2-1/2"]
[WhiteElo "2528"]
[BlackElo "2474"]
[PlyCount "43"]
[EventDate "2008.05.17"]

1. e4 e5 2. Nf3 Nc6 3. Bc4 Nf6 4. d3 Be7 5. c3 d6 6. Nbd2 O-O 7. Bb3 Na5 8. Bc2
c5 9. O-O Nc6 10. Re1 Be6 11. Nf1 Qc7 12. Bg5 Rad8 13. Ne3 Rfe8 14. Bb3 h6 15.
Bh4 Qd7 16. a4 Nh7 17. Bxe7 Rxe7 18. Bxe6 Rxe6 19. Nd5 Ne7 20. c4 f5 21. exf5
Nxf5 22. b4 1/2-1/2

[Event "II Festival Capo d'Orso"]
[Site "Portomannu - Palau ITA"]
[Date "2008.05.18"]
[Round "2"]
[White "Hess, Christian Mathias"]
[Black "Houweling, Bert"]
[Result "1-0"]
[WhiteElo "2281"]
[BlackElo "2032"]
[PlyCount "43"]
[EventDate "2008.05.17"]

1. e4 c5 2. Nf3 Nc6 3. d4 cxd4 4. Nxd4 e5 5. Nb5 a6 6. N5c3 Nf6 7. Bc4 Bc5 8.
O-O d6 9. Bg5 b5 10. Bb3 h6 11. Bxf6 Qxf6 12. Nd5 Qg6 13. Nc7+ Ke7 14. Nxa8 Nd4
15. Kh1 Bb7 16. Nc3 Rxa8 17. Bd5 Bxd5 18. Nxd5+ Kf8 19. c3 Ne6 20. b4 Ba7 21.
f3 Rc8 22. a4 1-0

[Event "II Festival Capo d'Orso"]
[Site "Portomannu - Palau ITA"]
[Date "2008.05.18"]
[Round "2"]
[White "Hocevar, Nikola"]
[Black "Venturino, Marco"]
[Result "1-0"]
[WhiteElo "2111"]
[BlackElo "2173"]
[PlyCount "63"]
[EventDate "2008.05.17"]

1. d4 f5 2. c4 Nf6 3. g3 g6 4. Nc3 Bg7 5. Bg2 d6 6. Nf3 O-O 7. O-O Qe8 8. d5 a5
9. Nd4 Na6 10. h3 Bd7 11. Be3 h6 12. Qd2 g5 13. Rac1 Nh5 14. Ne6 Bxe6 15. dxe6
c6 16. Bb6 Qg6 17. Bxa5 Qxe6 18. Nd5 Kh7 19. Nb6 Rae8 20. Bc3 Nf6 21. Qc2 Nc5
22. g4 Nce4 23. gxf5 Qxf5 24. Bxf6 d5 25. Bxg7 Kxg7 26. cxd5 cxd5 27. Nxd5 Qxd5
28. Qxe4 Qxa2 29. Qe5+ Rf6 30. Rc7 Qf7 31. Rxb7 Kh7 32. Be4+ 1-0

[Event "II Festival Capo d'Orso"]
[Site "Portomannu - Palau ITA"]
[Date "2008.05.18"]
[Round "2"]
[White "Klings, Peter"]
[Black "Barbafiera, Luigi"]
[Result "1-0"]
[WhiteElo "2173"]
[BlackElo "1986"]
[PlyCount "80"]
[EventDate "2008.05.17"]

1. e4 d5 2. exd5 Qxd5 3. Nc3 Qa5 4. Nf3 Nf6 5. h3 e6 6. Bc4 Be7 7. d4 c6 8. Bd2
Qc7 9. Qe2 Nbd7 10. Bb3 h6 11. g3 a6 12. O-O-O Nb6 13. Ne5 Nbd5 14. g4 Bd7 15.
h4 Bd6 16. Na4 c5 17. Nxc5 Bxe5 18. dxe5 Qxc5 19. exf6 Nxf6 20. Bf4 O-O-O 21.
Bd6 Bb5 22. Qd2 Qc6 23. Qf4 Qe4 24. c4 Bc6 25. Rhg1 Qxf4+ 26. Bxf4 Bf3 27.
Rxd8+ Rxd8 28. g5 Nh5 29. Be3 hxg5 30. hxg5 Kc7 31. Bc2 Kc6 32. b3 b5 33. cxb5+
axb5 34. a3 Rd7 35. Kb2 Rd6 36. Rc1 Kb7 37. Kc3 g6 38. Kb4 Rd5 39. Bb1 Be2 40.
Be4 Ng7 1-0

[Event "II Festival Capo d'Orso"]
[Site "Portomannu - Palau ITA"]
[Date "2008.05.18"]
[Round "2"]
[White "Marani, Luca"]
[Black "Puzzoni, Christian"]
[Result "0-1"]
[WhiteElo "1902"]
[BlackElo "2114"]
[PlyCount "62"]
[EventDate "2008.05.17"]

1. e4 e5 2. Nf3 d5 3. exd5 Bd6 4. d4 e4 5. Ne5 Nd7 6. Bb5 Qe7 7. Qg4 Bxe5 8.
dxe5 Qxe5 9. Nc3 Ngf6 10. Qxg7 Rg8 11. Qh6 a6 12. Bf4 Qf5 13. Bxc7 axb5 14.
O-O-O Qg5+ 15. Qxg5 Rxg5 16. Nxb5 Kf8 17. Nc3 b6 18. Rd4 Bb7 19. Rhd1 Rxg2 20.
Bg3 h5 21. Nxe4 Nxe4 22. Rxe4 Nf6 23. Red4 Rxa2 24. Kb1 Ra8 25. c4 Bc8 26. b4
Bg4 27. Rc1 Bf5+ 28. Kb2 Ne4 29. Kb3 Nxg3 30. fxg3 Rga2 31. c5 b5 0-1

[Event "II Festival Capo d'Orso"]
[Site "Portomannu - Palau ITA"]
[Date "2008.05.18"]
[Round "2"]
[White "Mercandelli, Claudio"]
[Black "Zoldan, Matteo"]
[Result "1/2-1/2"]
[WhiteElo "1987"]
[BlackElo "2208"]
[PlyCount "62"]
[EventDate "2008.05.17"]

1. d4 Nf6 2. Nf3 g6 3. Bg5 Bg7 4. Nbd2 O-O 5. e4 d5 6. Bd3 dxe4 7. Nxe4 Nxe4 8.
Bxe4 c5 9. c3 cxd4 10. Nxd4 Qa5 11. Be3 e5 12. Nf3 Rd8 13. Qe2 Nc6 14. O-O Be6
15. Ng5 Bd5 16. Bxd5 Rxd5 17. Qf3 Rf8 18. a3 h6 19. Nh3 Rfd8 20. Rad1 Qb5 21.
Bc1 Qc4 22. Rxd5 Rxd5 23. g3 a5 24. Re1 f5 25. Qg2 a4 26. Qf1 Qb3 27. Qe2 Na5
28. f3 Rd6 29. Nf2 Qd5 30. Rd1 Qc6 31. Rxd6 Qxd6 1/2-1/2

[Event "II Festival Capo d'Orso"]
[Site "Portomannu - Palau ITA"]
[Date "2008.05.18"]
[Round "2"]
[White "Mircoli, Filippo"]
[Black "Fathallah, Joe"]
[Result "1/2-1/2"]
[WhiteElo "1815"]
[BlackElo "1970"]
[PlyCount "53"]
[EventDate "2008.05.17"]

1. e4 e6 2. d4 d5 3. e5 c5 4. Nf3 Nc6 5. c3 Qb6 6. a3 c4 7. Be2 Bd7 8. O-O Be7
9. Be3 Qxb2 10. Nbd2 Qxc3 11. Qb1 Qa5 12. Rc1 b5 13. Qb2 a6 14. Ne1 f5 15. Rc3
f4 16. Bxf4 Nxd4 17. Bd1 Nf5 18. Ndf3 d4 19. Rcc1 g5 20. Bd2 c3 21. Bxc3 dxc3
22. Rxc3 b4 23. axb4 Qxb4 24. Rb3 Qe4 25. Bc2 Qc6 26. Rc3 Qb5 27. Rb3 1/2-1/2

[Event "II Festival Capo d'Orso"]
[Site "Portomannu - Palau ITA"]
[Date "2008.05.18"]
[Round "2"]
[White "Motzer, Heinrich"]
[Black "Adrian, Claude"]
[Result "0-1"]
[WhiteElo "2004"]
[BlackElo "2279"]
[PlyCount "96"]
[EventDate "2008.05.17"]

1. e4 e6 2. d4 d5 3. e5 c5 4. c3 Qb6 5. Nf3 Nc6 6. Bd3 cxd4 7. cxd4 Bd7 8. O-O
Nxd4 9. Nxd4 Qxd4 10. Nc3 Qxe5 11. Re1 Qb8 12. Nxd5 Bd6 13. Qg4 Kf8 14. Qh3 Bc6
15. Nc3 h5 16. Be3 Nf6 17. f3 Bf4 18. Qh4 g5 19. Bxf4 gxh4 20. Bxb8 Rxb8 21.
Kf2 Rg8 22. Rad1 Rg5 23. Ne4 Bxe4 24. Bxe4 Ke7 25. f4 Rb5 26. Rd2 Rb4 27. Kf3
Rg8 28. Bf5 Ng4 29. Bxg4 hxg4+ 30. Ke3 f5 31. g3 hxg3 32. hxg3 Rh8 33. Rg1 Kf6
34. b3 a5 35. Rd4 Rh2 36. Rxb4 axb4 37. Kd4 Rxa2 38. Kc5 Re2 39. Kxb4 e5 40.
fxe5+ Kxe5 41. Kc5 Rc2+ 42. Kb5 Ke4 43. b4 Kf3 44. Kb6 Kf2 45. Rb1 Kxg3 46.
Kxb7 f4 47. b5 f3 48. b6 f2 0-1

[Event "II Festival Capo d'Orso"]
[Site "Portomannu - Palau ITA"]
[Date "2008.05.18"]
[Round "2"]
[White "Naumkin, Igor"]
[Black "Bruno, Fabio"]
[Result "0-1"]
[WhiteElo "2494"]
[BlackElo "2450"]
[PlyCount "68"]
[EventDate "2008.05.17"]

1. d4 d5 2. c4 c6 3. Nf3 Nf6 4. Nc3 e6 5. Bg5 dxc4 6. e4 b5 7. a4 Qb6 8. Bxf6
gxf6 9. Be2 Bb7 10. O-O a6 11. axb5 cxb5 12. b3 cxb3 13. Qxb3 Nd7 14. d5 Bc5
15. Rac1 Ke7 16. dxe6 fxe6 17. Qc2 Rhd8 18. Rb1 Rac8 19. Qc1 Bxe4 20. Nxe4
Bxf2+ 21. Nxf2 Rxc1 22. Rbxc1 Nc5 23. Kh1 b4 24. Bc4 a5 25. Ne1 Rd2 26. Ned3
Nxd3 27. Nxd3 Qb7 28. Ne1 b3 29. Nf3 Rc2 30. Bd3 Rxc1 31. Rxc1 a4 32. Nd4 a3
33. Nc6+ Kf8 34. Nd4 Qd7 0-1

[Event "II Festival Capo d'Orso"]
[Site "Portomannu - Palau ITA"]
[Date "2008.05.18"]
[Round "2"]
[White "Neri, Angelo"]
[Black "Fragni, Enrico"]
[Result "1/2-1/2"]
[WhiteElo "1986"]
[BlackElo "1709"]
[PlyCount "28"]
[EventDate "2008.05.17"]

1. e4 c6 2. d4 d6 3. Nc3 Qc7 4. Be3 e5 5. h3 Nf6 6. Nf3 Be7 7. a4 a5 8. Be2
Nbd7 9. d5 Nb6 10. O-O Bd7 11. Nh2 O-O 12. f4 cxd5 13. fxe5 dxe5 14. exd5 Rad8
1/2-1/2

[Event "II Festival Capo d'Orso"]
[Site "Portomannu - Palau ITA"]
[Date "2008.05.18"]
[Round "2"]
[White "Neri, Enzo"]
[Black "Fierro Baquero, Martha Lorena"]
[Result "0-1"]
[WhiteElo "2084"]
[BlackElo "2375"]
[PlyCount "68"]
[EventDate "2008.05.17"]

1. d4 g6 2. c4 Bg7 3. Nc3 d6 4. e4 Nc6 5. Be3 e5 6. d5 Nce7 7. g4 Nf6 8. f3 O-O
9. Qd2 c6 10. Bd3 Ne8 11. O-O-O b5 12. cxb5 cxd5 13. exd5 Bb7 14. Bc2 Nc7 15.
Bb3 Qd7 16. a4 f5 17. h3 Ne8 18. Nge2 a6 19. b6 a5 20. Nb5 Nc8 21. Na7 Nxa7 22.
bxa7 Ba6 23. Kb1 Qb7 24. Nc1 Nf6 25. Qxa5 Nd7 26. Rh2 fxg4 27. fxg4 Rf3 28. Qd2
e4 29. Ka2 Ne5 30. Re1 Nc4 31. Bxc4 Bxc4+ 32. b3 Rxa7 33. Bxa7 Bxb3+ 34. Ka3
Bb2+ 0-1

[Event "II Festival Capo d'Orso"]
[Site "Portomannu - Palau ITA"]
[Date "2008.05.18"]
[Round "2"]
[White "Neubauer, Kai"]
[Black "Muhren, Willem"]
[Result "1/2-1/2"]
[WhiteElo "1988"]
[BlackElo "2240"]
[PlyCount "69"]
[EventDate "2008.05.17"]

1. d4 g6 2. c4 Nf6 3. Nc3 Bg7 4. e4 d6 5. Nf3 O-O 6. Be2 e5 7. O-O Na6 8. dxe5
dxe5 9. Qc2 Nd7 10. Rd1 c6 11. Be3 Qe7 12. a3 Ndc5 13. b4 Ne6 14. c5 Nac7 15.
Bc4 Kh8 16. Rd6 f5 17. Rad1 f4 18. Bc1 g5 19. h3 h5 20. b5 g4 21. hxg4 hxg4 22.
Bxe6 Nxe6 23. Nh2 Nd4 24. Qd3 Be6 25. bxc6 bxc6 26. Ne2 Rad8 27. Rxd8 Rxd8 28.
Nxd4 Rxd4 29. Qe2 g3 30. fxg3 fxg3 31. Nf3 Rxd1+ 32. Qxd1 Qxc5+ 33. Kh1 Qe7 34.
Ng5 Kg8 35. Qf3 1/2-1/2

[Event "II Festival Capo d'Orso"]
[Site "Portomannu - Palau ITA"]
[Date "2008.05.18"]
[Round "2"]
[White "Ori, Marco"]
[Black "Burlando, Alessandro"]
[Result "1-0"]
[WhiteElo "2141"]
[BlackElo "2141"]
[PlyCount "113"]
[EventDate "2008.05.17"]

1. e4 e6 2. d4 d5 3. Nd2 Nf6 4. Bd3 c5 5. e5 Nfd7 6. c3 Nc6 7. Ne2 cxd4 8. cxd4
f6 9. exf6 Nxf6 10. O-O Bd6 11. Nf3 Qc7 12. Bg5 O-O 13. Rc1 Qf7 14. Bh4 Ne4 15.
Ng3 Bf4 16. Nxe4 dxe4 17. Bxe4 Bxc1 18. Qxc1 h6 19. Bxc6 bxc6 20. Ne5 Qe8 21.
Nxc6 Rf7 22. Ne5 Rb7 23. b3 Bd7 24. Qe3 Rc8 25. Nc4 Qf8 26. Bg3 Rd8 27. Re1 Bc8
28. h3 Rd5 29. Be5 a5 30. Qg3 Qb4 31. Re3 Rf7 32. Nd6 Rxd6 33. Bxd6 Qxd4 34.
Be5 Qb4 35. Rf3 Qf8 36. Rd3 Bb7 37. Bc7 Bd5 38. Bxa5 Qa3 39. Bd2 Kh7 40. Rc3
Be4 41. Rc4 Bb1 42. Ra4 Qb2 43. Qc3 Qxc3 44. Bxc3 Rb7 45. b4 Kg6 46. a3 Kf5 47.
f3 Rc7 48. Ra5+ Kg6 49. Be5 Rb7 50. Kf2 Kf7 51. Ke3 g6 52. b5 h5 53. a4 Ke7 54.
Ra6 Ba2 55. Bd6+ Kd7 56. Kd4 Bb3 57. Kc5 1-0

[Event "II Festival Capo d'Orso"]
[Site "Portomannu - Palau ITA"]
[Date "2008.05.18"]
[Round "2"]
[White "Papale, Carmelo"]
[Black "Schaefer, Michael"]
[Result "0-1"]
[WhiteElo "1876"]
[BlackElo "2194"]
[PlyCount "88"]
[EventDate "2008.05.17"]

1. e4 c5 2. Nf3 g6 3. d3 Bg7 4. Nbd2 Nc6 5. g3 Nf6 6. Bg2 O-O 7. O-O d6 8. a4
e5 9. h3 h6 10. Nc4 Be6 11. Ne3 d5 12. Nd2 d4 13. Nec4 Qc7 14. b3 b6 15. Ba3
Rab8 16. Qe2 Rfe8 17. Rae1 a6 18. Bc1 b5 19. Nb2 Nb4 20. Nf3 Nd7 21. Nh4 Na2
22. Bd2 Nc3 23. Qf3 Rec8 24. axb5 axb5 25. Nd1 Nxd1 26. Rxd1 c4 27. bxc4 bxc4
28. Nf5 gxf5 29. exf5 e4 30. Qxe4 Nf6 31. Qxd4 Bxf5 32. Bf4 Qb6 33. Qe5 Bg6 34.
Qe1 cxd3 35. cxd3 Re8 36. Qd2 Rbd8 37. Bxh6 Rxd3 38. Qg5 Bxh6 39. Qxh6 Rxg3 40.
Qf4 Nh5 41. Qh4 Be4 42. Rfe1 Rxg2+ 43. Kf1 Qb5+ 44. Re2 Ng3+ 0-1

[Event "II Festival Capo d'Orso"]
[Site "Portomannu - Palau ITA"]
[Date "2008.05.18"]
[Round "2"]
[White "Piscopo, Pierluigi"]
[Black "Weber, Meikel"]
[Result "1-0"]
[WhiteElo "2379"]
[BlackElo "2112"]
[PlyCount "79"]
[EventDate "2008.05.17"]

1. e4 e5 2. Bc4 Nc6 3. Nc3 d6 4. Nf3 Be7 5. h3 Nf6 6. d4 exd4 7. Nxd4 Bd7 8.
O-O O-O 9. Re1 a6 10. a4 Nxd4 11. Qxd4 Be6 12. Bxe6 fxe6 13. e5 Ne8 14. Qg4 Rf5
15. exd6 Qxd6 16. Qe4 Rf6 17. Qxb7 Qd8 18. Bg5 Rb8 19. Qxa6 Rg6 20. Rad1 Nd6
21. Bc1 Rb6 22. Qe2 Qa8 23. g3 Nf5 24. Qe4 Qf8 25. Qf3 Bf6 26. Re4 Rd6 27. Rxd6
Qxd6 28. Rg4 Rxg4 29. hxg4 Nd4 30. Qe4 Nc6 31. Bf4 Qd7 32. Nb5 Bxb2 33. c3 Ne7
34. Bxc7 Bxc3 35. Qa8+ Kf7 36. Nd6+ Kf6 37. Qf8+ Ke5 38. Qf4+ Kd5 39. Qe4+ Kc5
40. Nb7# 1-0